00599nam a2200181 a 450000100060000000300090000600800410001504000280005608200210008410000290010524500270013426000820016130000160024349000980025965000240035765000230038165000130040410454CO-ViMGA141112s2004 ck r 000 u spa d aCO-ViMGAbspacCO-ViMGA04a986.17 S159a V.21 aSalamanca T ; Demetrio, 10aLa Amazonia Colombiana aTunja : bAcademia Boyacense de Historia, cGobernación de Boyacá, c1994 a552p. : il. aEstudio Geográfico, Histórico y jurídico en defensa del derecho territorial de Colombia14aAMAZONIA - COLOMBIA14aCOLOMBIA - LIMITES14aHISTORIA